Normal view
MARC view
Entry Personal Name
001 - CONTROL NUMBER
- control field: 23548
003 - CONTROL NUMBER IDENTIFIER
- control field: dpl
005 - DATE AND TIME OF LATEST TRANSACTION
- control field: 20101015145348.0
008 - FIXED-LENGTH DATA ELEMENTS
- fixed length control field: 101015|||a|||||| | ||| d
040 ## - CATALOGING SOURCE
- Original cataloging agency: dpl
- Transcribing agency: dpl
100 ## - HEADING--PERSONAL NAME
- Personal name: George, Lathika
670 ## - SOURCE DATA FOUND
- Source citation: Work cat.: (dpl)41965: George, Lathika, The suriai kitchen :, 2009
670 ## - SOURCE DATA FOUND
- Source citation: Work cat.: (dpl)41965: George, Lathika, The suriai kitchen :, 2009
